000 00317nam a2200121Ia 4500
008 240731s9999 xx 000 0 und d
022 _a1522-9041
245 0 _aSlavic & East European Information Resources
260 _bRoutledge
856 _uhttps://www.tandfonline.com/loi/wsee20
942 _2ddc
942 _cTFEJ
999 _c79399
_d79399
945 _a1
_bMadushi Gamage
_c1
_dMadushi Gamage